Lealtad al General Presidente. Una respuesta de las FFAA paraguayas a la crisis política y económica de 1986

Zapisane w:
Opis bibliograficzny
1. autor: Lezcano, Carlos María
Format: Texto
Wydane: Campinas: s.e.
Etykiety: Dodaj etykietę
Nie ma etykietki, Dołącz pierwszą etykiete!

MARC

LEADER 00000 a a2200000 04500
001 25121
003
040
090 |a 179900  
100 |a Lezcano, Carlos María  
245 |a Lealtad al General Presidente. Una respuesta de las FFAA paraguayas a la crisis política y económica de 1986  
260 |a Campinas:   |b s.e.  
300 |a 13 p.  
999 |c 15740  |d 15740